Normal view MARC view

Entry Topical Term

Number of records used in: 1

001 - CONTROL NUMBER

  • control field: 156796

003 - CONTROL NUMBER IDENTIFIER

  • control field: OSt

005 - DATE AND TIME OF LATEST TRANSACTION

  • control field: 20220923210959.0

008 - FIXED-LENGTH DATA ELEMENTS

  • fixed length control field: 220923|| aca||aabn | a|a d

040 ## - CATALOGING SOURCE

  • Original cataloging agency: OSt
  • Transcribing agency: OSt

150 ## - HEADING--TOPICAL TERM

  • Topical term or geographic name entry element: उर्दू साहित्य

670 ## - SOURCE DATA FOUND

  • Source citation: Work cat.: (OSt)293449: सआदत हसन; नरेन्द्र मोहन, संपा. 156795, सआदत हसन मंटो के नाटक, सम्पा नरेन्द्र मोहन, 2010
Copyright @ Delhi University Library System